• 首页
  • 本馆介绍
  • 公告通知
  • 最新文献
  • 馆藏检索
  • 电子资源
  • 读者导购
  • 参考咨询
  • 我的图书馆
  • 登录
  • 详细信息显示
  • 放入我的书架
  • 预约/预借图书
  • 作者相关作品
  • 分类相关作品
  • 丛书相关作品
  • 出版社相关作品

书目信息

  • 表格格式
  • 工作单格式
  • 卡片格式
题名:
家庭自制纯天然面膜
    
 
作者: 于净 编著
分册:  
出版信息: 北京   电子工业出版社  2013
页数: 167页
开本: 19x21cm
丛书名: 悦然·美丽女人系列
单 册:
中图分类: TS974.13
科图分类:
主题词: 面--美容--基本知识
电子资源:
ISBN: 978-7-121-18692-9
000 00809oam2 2200253 450
001 012015000495
005 20150911084443.28
010    @a978-7-121-18692-9@dCNY29.90
100    @a20130127d2013 em y0chiy50 ea
101 0  @achi
102    @aCN@b110000
105    @aa z 000yy
106    @ar
200 1  @a家庭自制纯天然面膜@Ajia ting zi zhi chun tian ran mian mo@f于净编著
210    @a北京@c电子工业出版社@d2013
215    @a167页@c图@d19x21cm
225 1  @a悦然·美丽女人系列
330    @a本书教你用身边最常见的便利食材制作最天然的养颜面膜,为你提供个性化的面膜方案,种类丰富,制作步骤详细。
461  0 @12001 @a悦然·美丽女人系列
606 0  @a面@x美容@x基本知识
690    @aTS974.13@v5
701  0 @a于净@Ayu jing@4编著
801  0 @aCN@b碧洲教育@c20150716
905    @a10447@f4@dTS974.13@e352
    
    家庭自制纯天然面膜/于净编著.-北京:电子工业出版社,2013
    167页:图;19x21cm.-(悦然·美丽女人系列)
    
    
    ISBN 978-7-121-18692-9:CNY29.90
    本书教你用身边最常见的便利食材制作最天然的养颜面膜,为你提供个性化的面膜方案,种类丰富,制作步骤详细。
●
相关链接 在E读中查询图书 在五车中查询图书 在当当中查询图书 在豆瓣中查询图书


正题名:家庭自制纯天然面膜     索取号:TS974.13/352         预约/预借

序号 登录号 条形码 馆藏地/架位号 状态 备注
1 0849147   208491470   第二样本阅览室/ [索取号:TS974.13/352] 在馆    
2 0849148   208491489   密集书库-生命科学系/ [索取号:TS974.13/352] 在馆    
3 0849149   208491498   第三借阅区/ [索取号:TS974.13/352] 在馆    
4 0849150   208491504   第三借阅区/ [索取号:TS974.13/352] 在馆    
唐山师范学院图书馆 欢迎您!
大连网信软件有限公司© 版权所有